Diagnóstico de la actividad científico-tecnológica del estado costarricense /
Збережено в:
| Автор: | |
|---|---|
| Інші автори: | , |
| Формат: | Текст |
| Опубліковано: |
San José:
El Proyecto
|
| Теги: |
Додати тег
Немає тегів, Будьте першим, хто поставить тег для цього запису!
|
MARC
| LEADER | 00000 a a2200000 04500 | ||
|---|---|---|---|
| 001 | 14676 | ||
| 003 | |||
| 040 | |||
| 090 | |a 022200 | ||
| 100 | |a Hidalgo Araya, Roberto | ||
| 245 | |a Diagnóstico de la actividad científico-tecnológica del estado costarricense / |c Roberto Hidalgo Araya | ||
| 260 | |a San José: |b El Proyecto | ||
| 300 | |a 10; 210; 11 p | ||
| 700 | |a Monge Guevara, Guillermo | ||
| 700 | |a Chinchilla Miranda, Laura | ||
| 999 | |c 5558 |d 5558 | ||
